00489nam a2200193 a 4500001001300000003000900013005001700022008004100039020000900080082001600089100002000105245002400125260003300149300000800182500003500190505001000225650004000235700002000275nice12345678IN_TiNIC20260116011326.0050524s1978 dela grp 000 0 eng  ac1200a297.24bALA aAlam, S M Badre aDescenson of Christ aDelhibDini Book Depotc1978 a48p aincludes index and biblioraphy2 aIndex aJesus Christ-Islamic Interpretation1 aAlam, S M Badre